000 00483nam a2200169Ia 4500
003 OSt
005 20260303110035.0
008 211028s2003 xx 000 0 und d
040 _cAIMIT LIBRARY
041 _aeng
100 _aPinto, Smitha Selma;D Souza, Anil P Prakash.
_g92182
_92261
110 _aD Souza, Anil P Prakash.
_92262
245 _aBilling automation system /
260 _aBangalore
_c2003
710 _aIBM Global Services India (P) Ltd
_92263
942 _2ddc
_cPRO
999 _c216838
_d216838